Classical Writers - Statistics

General Stats
  • This quiz has been taken 117 times
  • The average score is 27 of 41
Answer Stats
Hint Answer % Correct
Romeo and Juliet / King Lear / Othello / Hamlet William Shakespeare
98%
Iliad / Odyssey Homer
96%
Divine Comedy Dante Alighieri
90%
Sense and Sensibility / Pride and Prejudice Jane Austen
88%
On the Origin of Species Charles Darwin
87%
Frankenstein Mary Shelley
86%
The Picture of Dorian Gray Oscar Wilde
85%
Jane Eyre Charlotte Brontë
83%
War and Peace / Anna Karenina Leo Tolstoy
83%
Alice's Adventures In Wonderland Lewis Carroll
83%
Les Miserables / The Hunchback of Notre-Dame Victor Hugo
83%
Moby-Dick Herman Melville
82%
Don Quixote Miguel de Cervantes
82%
Aeneid Virgil
82%
The Raven / The Masque of the Red Death Edgar Alan Poe
80%
Crime and Punishment / The Brothers Karamazov Fyodor Dostoevsky
79%
The Count of Monte Cristo Alexandre Dumas
77%
Journey to the Center of the Earth Jules Verne
77%
Oliver Twist / Great Expectations Charles Dickens
76%
Robinson Crusoe Daniel Defoe
75%
Gulliver's Travels Jonathan Swift
75%
Faust Johann Wolfgang von Goethe
74%
The Adventures of Tom Sawyer / Huckleberry Finn Mark Twain
74%
Antigone / Oedipus the King Sophocles
74%
Candide, or Optimism Voltaire
74%
Thus Spoke Zarathustra Friedrich Nietzsche
68%
Uncle Vanya / Three Sisters / The Cherry Orchard Anton Chekhov
62%
Decameron Giovanni Boccaccio
60%
Eugene Onegin Alexander Pushkin
55%
Thérèse Raquin / Germinal / Nana Emile Zola
55%
Don Juan / Childe Harold's Pilgrimage George Gordon Byron
54%
Tartuffe / The Misanthrope Moliere
51%
Dead Souls / Taras Bulba Nikolai Gogol
46%
Triumphs / Il Canzoniere Francesco Petrarca
43%
Fathers and Sons Ivan Turgenev
43%
Father Goriot Honore de Balzac
40%
Phedre Jean Racine
32%
The Robbers Friedrich Schiller
27%
A Hero of Our Time Mikhail Lermontov
18%
Ophelie Arthur Rimbaud
17%
Letters from My Windmill Alphonse Daudet
15%
No matching quizzes found
Score Distribution
Percent of People with Each Score
Percentile by Number Answered
Your Score History
You have not taken this quiz